La Nueva fase de desarrollo y el capitalismo del conocimiento: elementos teóricos /
Guardado en:
| 主要作者: | |
|---|---|
| 格式: | Texto |
| 主題: | |
| 標簽: |
添加標簽
沒有標簽, 成為第一個標記此記錄!
|
MARC
| LEADER | 00000 a a2200000 04500 | ||
|---|---|---|---|
| 001 | 3565 | ||
| 003 | |||
| 040 | |||
| 100 | |a Ondóñez, Sergio | ||
| 245 | |a La Nueva fase de desarrollo y el capitalismo del conocimiento: |b elementos teóricos / |c Sergio Ondóñez | ||
| 500 | |a Resumen en español páginas 2 y en inglés páginas 91 | ||
| 650 | |a CAMBIO ECONOMICO | ||
| 650 | |a SOCIEDAD DE LA INFORMACION | ||
| 650 | |a MODOS DE PRODUCCION | ||
| 650 | |a TECNOLOGIA | ||
| 650 | |a CICLOS ECONOMICOS | ||
| 773 | |g volumen 54, número 1; páginas 4-17 | ||
| 999 | |c 32505 |d 32505 | ||
